Genetic, haplotype and functional investigations on rare monogenic diseases

Elmentve itt :
Bibliográfiai részletek
Szerző: Farkas Katalin
További közreműködők: Nagy Nikoletta (Témavezető)
Dokumentumtípus: Disszertáció
Megjelent: 2016-05-12
Tárgyszavak:
doi:10.14232/phd.2902

mtmt:3104839
Online Access:http://doktori.ek.szte.hu/2902
LEADER 01109nta a2200229 i 4500
001 dokt2902
005 20200219084453.0
008 160331s2016 hu om 0|| eng d
024 7 |a 10.14232/phd.2902  |2 doi 
024 7 |a 3104839  |2 mtmt 
040 |a SZTE Doktori Repozitórium  |b hun 
041 |a eng 
100 1 |a Farkas Katalin 
245 1 0 |a Genetic, haplotype and functional investigations on rare monogenic diseases  |h [elektronikus dokumentum] /  |c  Farkas Katalin 
246 1 0 |a Genetikai, haplotípus és funkcionális vizsgálatok ritka monogénes betegségekben  |h [elektronikus dokumentum] 
260 |c 2016-05-12 
502 |a Disszertacio 
650 4 |a klinikai orvostudományok 
700 1 |a Nagy Nikoletta  |e ths 
856 4 0 |u https://doktori.bibl.u-szeged.hu/id/eprint/2902/1/Katalin%20Farkas%20PhD%20thesis.pdf  |z Dokumentum-elérés  
856 4 0 |u https://doktori.bibl.u-szeged.hu/id/eprint/2902/2/Katalin%20Farkas%20angol%20t%C3%A9zis%20f%C3%BCzet.pdf  |z Dokumentum-elérés  
856 4 0 |u https://doktori.bibl.u-szeged.hu/id/eprint/2902/3/Katalin%20Farkas%20magyar%20t%C3%A9zis%20f%C3%BCzet.pdf  |z Dokumentum-elérés